| LEADER 00000nam 2200000 a 4500 |
| 001 13399119269 |
| 003 ULIBM |
| 008 131112s2013 tha 000 0 tha d |
| 020 ^a9789746729550
|
| 082 04 ^a589.3^bย442ส
|
| 100 0 ^aยุวดี พีรพรพิศาล
|
| 245 10 ^aสาหร่ายน้ำจืดในประเทศไทย = Freshwater algae in Thailand /^cยุวดี พีรพรพิศาล
|
| 246 31 ^a Freshwater algae in Thailand
|
| 250 ^aพิมพ์ครั้งที่ 2
|
| 260 ^aเชียงใหม่ :^bภาควิชาชีววิทยา คณะวิทยาศาสตร์ มหาวิทยาลัยเชียงใหม่,^c2556
|
| 300 ^a434 หน้า :^bภาพประกอบ ;^c21 ซม
|
| 650 7 ^aสาหร่ายน้ำจืด^zไทย
|
| 650 7 ^aความหลากหลายทางชีวภาพ^zไทย
|
| 710 2 ^aเชียงใหม่.^bคณะวิทยาศาสตร์
|
| 999 ^aปาริฉัตร์
|
หนังสือดีน่าอ่าน

“ดั่งดวงแก้ว ส่องสว่าง ทางสายงาม”
จัดทำขึ้นเพื่อเฉลิมพระเกียรติ สมเด็จพระเทพรัตนราชสุดา ฯ สยามบรมราชกุมารี
เนื่องในโอกาสมหามงคลเฉลิมพระชนมพรรษา ๕ รอบ ๒ เมษายน ๒๕๕๘
โดยหนังสือเล่มนี้ได้รวบรวม ๖๐ พระอัจฉริยภาพของสมเด็จพระเทพ ฯ
ผู้อ่านจะได้รับแรงบันดาลใจให้พากเพียรเรียนรู้และขยันอดทนทำการงาน
ตามรอยเบื้องพระยุคลบาท เพราะพระองค์ทรงเป็นแบบอย่างอันดีเยี่ยมในทุกด้าน
ทั้งในความใฝ่รู้ใฝ่เรียน คุณธรรมจริยธรรม พระวิริยอุตสาหะในการทรงงาน
และอื่นๆอีกมากมาย ล้วนสามารถสร้างแรงบันดาลใจให้แก่เด็กและเยาวชน
อีกทั้งประชาชนทั่วไป ให้พากเพียรเรียนรู้และขยันอดทนทำการงานตามรอยพระยุคลบาท
เพื่อฝึกฝนตนเองให้เป็นคนดีคนเก่งของครอบครัวและสังคมต่อไป